00271nam a2200109Ia 4500008004100000041000800041082002100049100001800070245002700088260003700115300000900152230411s9999 xx 000 0 und d aeng aX/891/DES/B07311 aDeshpande Ram aSahawas Khandekarancha bRiya PublicationaKolhapurc2012 a176p